000 00940nam a2200193Ia 4500
003 GCL
008 140319s9999 xx 000 0 ara d
040 _aGCL /
_cGCL
082 0 4 _a329.82
_bس د
100 1 _aسفارةالجمهورية التشيكوسلوفاكية
245 1 0 _aالدرس المستمد من تطور الازمة فى الحزب والمجتمع بعد المؤتمر الثالث عشر للحزب الشيوعى فى تشيكوسلوفاكيا (هدية من الاديب عبدالفتاح الجمل) /
_cسفارةالجمهورية التشيكوسلوفاكية
300 _a83 ص
490 _aالهيئة العامة للاستعلامات
_v0
650 0 4 _aالاحزاب السياسية
650 0 4 _aتشيكوسلوفاكيا - الاحزاب السياسية
650 0 4 _aالحزب الشيوعى, تشيكوسلوفاكية
650 0 4 _aالممارسة الحزبية
942 _2ddc
_cBK
999 _c47320
_d47320